书目信息 |
| 题名: |
项目管理
|
|
| 作者: | 徐莉 , 赖一飞 , 程鸿群 编著 | |
| 分册: | ||
| 出版信息: | 武汉 武汉大学出版社 2003.01 |
|
| 页数: | 284页 | |
| 开本: | 24cm | |
| 丛书名: | 21世纪经济学管理学系列教材 | |
| 单 册: | ||
| 中图分类: | F224.5 | |
| 科图分类: | ||
| 主题词: | 项目管理--xiang mu guan li--高等学校--教材 | |
| 电子资源: | ||
| ISBN: | 7-307-03751-3 | |
| 000 | 01256nam 2200301 450 | |
| 001 | 010563637484 | |
| 005 | 20051114151012.25 | |
| 010 | @a7-307-03751-3@dCNY23.00 | |
| 100 | @a20050412d2003 km y0chiy0120 ea | |
| 101 | 0 | @achi |
| 102 | @aCN@b420000 | |
| 105 | @aa a 000yy | |
| 200 | 1 | @a项目管理@Axiang mu guan li@d= Project management@f徐莉, 赖一飞, 程鸿群编著@Fxu li,lai yi fei,cheng hong qun bian zhu@zeng |
| 210 | @a武汉@c武汉大学出版社@d2003.01 | |
| 215 | @a284页@c图@d24cm | |
| 225 | 2 | @a21世纪经济学管理学系列教材@A21 shi ji jing ji xue guan li xue xi lie jiao cai |
| 320 | @a有书目 (第283-284页)。 | |
| 330 | @a本书就项目管理的一些理论及政策层面的一些问题进行了全面阐述, 并就操作上的技巧进行了介绍, 主要内容包括: 项目策划、项目可行性研究、项目经济效果评价、项目管理组织、项目的组织协调与沟通、项目的招投标管理、政府采购管理、项目风险管理。 | |
| 333 | @a大专院校师生, 项目工程管理者 | |
| 410 | 0 | @12001 @a21世纪经济学管理学系列教材 |
| 510 | 1 | @aProject management@zeng |
| 606 | 0 | @a项目管理@Axiang mu guan li@x高等学校@x教材 |
| 690 | @aF224.5@v4 | |
| 701 | 0 | @a徐莉@Axu li@4编著 |
| 701 | 0 | @a赖一飞@Alai yi fei@4编著 |
| 701 | 0 | @a程鸿群@Acheng hong qun@4编著 |
| 801 | 0 | @aCN@bQSSK@c20051114 |
| 905 | @a10447@dF224.5@eX753 | |
| 项目管理= Project management/徐莉, 赖一飞, 程鸿群编著.-武汉:武汉大学出版社,2003.01 |
| 284页:图;24cm.-(21世纪经济学管理学系列教材) |
| 使用对象:大专院校师生, 项目工程管理者 |
| ISBN 7-307-03751-3:CNY23.00 |
| 本书就项目管理的一些理论及政策层面的一些问题进行了全面阐述, 并就操作上的技巧进行了介绍, 主要内容包括: 项目策划、项目可行性研究、项目经济效果评价、项目管理组织、项目的组织协调与沟通、项目的招投标管理、政府采购管理、项目风险管理。 |
| ● |
| 相关链接 |
|
|
|
正题名:项目管理
索取号:F224.5/X753
 
预约/预借
| 序号 | 登录号 | 条形码 | 馆藏地/架位号 | 状态 | 备注 |
| 1 | 575705 | 205757055 | 社科库409/409社科库 73排4列2层/ [索取号:F224.5/X753] | 在馆 | |
| 2 | 575706 | 205757064 | 社科二线422/409社科库 73排4列2层/ [索取号:F224.5/X753] | 在馆 | |
| 3 | 575707 | 205757073 | 社科二线422/422社科库 13排1列6层/ [索取号:F224.5/X753] | 在馆 |